=LDR 00000nam 2200000 4500 =001 INLIS000000000012824 =005 20130612104317 =008 ***********************************Ind** =035 ##$$0010-061300000012824 =041 ##$$a Ind =082 ##$$a 2x9.8 =090 ##$$a 2x9.8, Fan Y =100 ##$$a Fauzi, Ikwan =245 ##$$a Yang merangka kesurga sebuah biografi abdurahman bin Auf ; Ketulusan berdakwah dengan jiwa, harta dan tenaga, Ikhwan Fauzi =260 ##$$a 2002 $b Jakarta =300 ##$$a x, 70 hlm., 19 cm =650 ##$$a Biografi =700 ##$$a Abdurrahman bin auf =850 ##$$a NBPNMAT